Geothermal energy development : hearing before the Subcommittee on Energy Research and Water Resources of the Committee on Interior and Insular Affairs, United States Senate, Ninety-fourth Congress, first session, on progress of energy development in southern Idaho, Idaho Falls, Idaho, October 17, 1975.

Bibliographic Details
Corporate Authors: United States. Congress. Senate. Committee on Interior and Insular Affairs. Subcommittee on Energy Research and Water Resources, ProQuest (Firm)
Format: Government Document eBook
Language:English
Published: Washington : U.S. Govt. Print. Off, 1975.
Series:U.S. Congressional Hearings.
Subjects:
Online Access:Connect to the full text of this electronic book

MARC

Tag First Indicator Second Indicator Subfields
LEADER 00000cam a22000001a 4500
001 in00003208713
006 m d f
007 cr bn mmmapmmp
008 090922s1975 dcua ob f000 0 eng d
005 20260604201707.5
035 |a cis2007441613 
040 |a UMI  |c UMI  |d UtOrBLW 
043 |a n-us--- 
086 0 |a Y 4.In 8/13:G 29/5 
099 |a HRG-1975-IIA-0026 
110 1 |a United States.  |b Congress.  |b Senate.  |b Committee on Interior and Insular Affairs.  |b Subcommittee on Energy Research and Water Resources. 
245 1 0 |a Geothermal energy development :  |b hearing before the Subcommittee on Energy Research and Water Resources of the Committee on Interior and Insular Affairs, United States Senate, Ninety-fourth Congress, first session, on progress of energy development in southern Idaho, Idaho Falls, Idaho, October 17, 1975. 
264 1 |a Washington :  |b U.S. Govt. Print. Off,  |c 1975. 
300 |a 1 online resource. 
336 |a text  |b txt  |2 rdacontent 
337 |a computer  |b c  |2 rdamedia 
338 |a online resource  |b cr  |2 rdacarrier 
504 |a Includes bibliographical references. 
538 |a System requirements: PDF reader software. 
500 |a Electronic resource. 
650 0 |a Geothermal resources  |z Idaho. 
655 7 |a Electronic books.  |2 local 
710 2 |a ProQuest (Firm) 
776 0 8 |i Print version:  |a United States. Congress. Senate. Committee on Interior and Insular Affairs. Subcommittee on Energy Research and Water Resources.  |t Geothermal energy development  |w (DLC)76600861 
776 0 8 |i Microfiche version:  |a United States. Congress. Senate. Committee on Interior and Insular Affairs. Subcommittee on Energy Research and Water Resources.  |t Geothermal energy development.  |d [Bethesda, Md.] : ProQuest,[2004]  |o CIS 76 S441-26  |w (ProQuest)cis07603078 
830 0 |a U.S. Congressional Hearings. 
856 4 0 |u http://proxy.library.tamu.edu/login?url=https://congressional.proquest.com/congcomp/getdoc?HEARING-ID=HRG-1975-IIA-0026  |z Connect to the full text of this electronic book  |t 0 
998 |a cis07603078 
999 |a MARS 
999 f f |s 9c2131e4-9498-3da1-afce-1328732e3a31  |i b08b14e6-299f-3445-b25c-756aa9d8ab34  |t 0 
952 f f |a Texas A&M University  |b College Station  |c Electronic Resources  |s www_evans  |d Available Online  |t 0  |e HRG-1975-IIA-0026  |h Other scheme 
998 f f |a HRG-1975-IIA-0026  |t 0  |l Available Online